| 000 | 00000nam 2200000za 4500 |
| 001 | 9.807071 |
| 003 | CaOODSP |
| 005 | 20221107140043 |
| 007 | cr ||||||||||| |
| 008 | 151204s2003 onc||||| f|0| 0 fre d |
| 040 | |aCaOODSP|bfre |
| 043 | |an-cn--- |
| 086 | 1 |aE97-8/2003F-PDF |
| 100 | 1 |aLebel, Jean. |
| 245 | 13|aLa santé |h[ressource électronique] : |bune approche écosystémique / |cpar Jean Level. |
| 260 | |aOttawa : |bCentre de recherches pour le développement international, |cc2003. |
| 300 | |axiv, 84 p. : |bill., figs, graphiques. |
| 490 | 1 |aUn_focus |
| 500 | |aL’ISBN (1-55250-013-6) de l'édition imprimée a été copié dans l’édition électronique. |
| 500 | |aPublié aussi en anglais sous le titre : Health: an ecosystem approach. |
| 504 | |aComprend des réf. bibliogr. |
| 510 | 0 |aDonnées de catalogage avant publication (Canada) imprimées dans cette publication. |
| 692 | 07|2gccst|aSanté |
| 692 | 07|2gccst|aÉcosystème |
| 710 | 1 |aCanada.|bCentre de recherches pour le développement international. |
| 775 | 08|tHealth |w(CaOODSP)9.807061 |
| 776 | 0#|tLa santé : |w(CaOODSP)9.682219 |
| 830 | #0|aFocus (Centre de recherches pour le développement (Canada))|w(CaOODSP)9.815689 |
| 856 | 40|qPDF|s499 Ko|uhttps://publications.gc.ca/collections/collection_2015/crdi-idrc/E97-8-2003-fra.pdf |